[Event "RUS-chT Men Rapid 2019"]
[Site "Sochi"]
[Date "2019.10.18"]
[Round "1.9"]
[White "Bocharov, Dmitry"]
[Black "Alexeev, Alexey"]
[Result "1-0"]
[WhiteElo "2519"]
[BlackElo "2252"]
[Annotator "TA"]
[PlyCount "65"]
[EventDate "2019.10.18"]
[EventType "swiss"]
[EventCountry "RUS"]
[SourceTitle "playchess.com"]
[Source "ChessBase"]
[SourceQuality "1"]

{[%evp 9,65,12,14,10,25,-16,14,-1,29,30,21,27,25,25,37,30,26,14,31,37,22,25,27,14,26,20,74,55,131,139,161,100,110,130,444,439,437,421,406,343,338,338,322,275,332,283,435,420,1380,505,493,485,515,529,1410,1167,1204,659]} 1. c4 e6 2. Nf3 d5 3. g3 c6 4. Bg2 dxc4 5. a4 (5. O-O b5 6. a4 Bb7 7. b3 cxb3 8. Qxb3 b4 9. Ne5 a5 10. d4 Nf6 11. Bb2 Be7 12. Nd2 O-O {0-1 (32) Mareco,S (2635)-Bindrich,F (2590) Doha 2016}) 5... Nd7 6. Na3 {A13: English Opening: 1...e6} Bxa3 7. bxa3 $146 ({Predecessor:} 7. Rxa3 e5 8. Qc2 Qe7 9. O-O Ngf6 10. Qxc4 Nb6 11. Qh4 e4 12. Ng5 Nc4 {1-0 (35) Franke,H (2003)-Brundisch,V GER email 2013}) 7... e5 8. Bb2 {The position is equal.} Qe7 9. Qc2 Ngf6 10. Qxc4 O-O 11. O-O Re8 12. a5 e4 13. Nd4 Ne5 14. Qc3 c5 15. Nb3 b6 16. d4 cxd4 17. Nxd4 Bb7 (17... bxa5 $11 18. Qxa5 Nc4) 18. Nf5 Qd7 {[#]} (18... Qe6 $1 $14 19. Bh3 Nd5) 19. Bh3 $1 $36 {[%mdl 2048] Nh6+! is the strong threat. White is really pushing.} Kh8 20. Rad1 (20. Rfd1 $18 Nd5 21. Qd4) 20... Nd5 21. Qb3 {Black must now prevent a6!} (21. Qc2 {feels hotter.} f6 22. Qxe4 Rad8 23. Bg2 Nc3 24. Rxd7 Bxe4 25. Rxd8 Nxe2+ 26. Kh1) 21... Rad8 $2 {[%mdl 8192] [#]} (21... f6 $16) 22. Nxg7 $1 $18 {[%mdl 512]} Qxh3 (22... Kxg7 23. Bxd7) 23. Nxe8 Rxe8 24. Rxd5 Bxd5 25. Qxd5 {[%mdl 64] Double Attack} Qf5 26. Rc1 f6 {Strongly threatening ...Nf3+!} 27. Bxe5 fxe5 (27... Qxe5 $142 28. Qf7 Qe7) 28. axb6 {KQR-KQR} Rf8 (28... axb6 $142 29. Qb5 Qg6) 29. Qc5 (29. b7 $142) 29... axb6 30. Qxb6 Qg5 31. Rd1 h5 32. h4 Qf5 33. a4 {Accuracy: White = 41%, Black = 27%.} 1-0

[Event "RUS-chT Men Rapid 2019"]
[Site "Sochi"]
[Date "2019.10.18"]
[Round "1.10"]
[White "Truskavetsky, Alexandr"]
[Black "Yuffa, Daniil"]
[Result "0-1"]
[WhiteElo "2398"]
[BlackElo "2577"]
[Annotator "ChessBase"]
[PlyCount "72"]
[EventDate "2019.10.18"]
[EventType "swiss"]
[EventCountry "RUS"]
[SourceTitle "playchess.com"]
[Source "ChessBase"]
[SourceQuality "1"]
[TimeControl "900+10"]

1. d4 {[%emt 0:00:00]} Nf6 {[%emt 0:00:00]} 2. c4 {[%emt 0:00:00]} e6 {[%emt 0:00:00]} 3. g3 {[%emt 0:00:05]} c5 {[%emt 0:00:00]} 4. d5 {[%emt 0:00:05]} exd5 {[%emt 0:00:00]} 5. cxd5 {[%emt 0:00:02]} d6 {[%emt 0:00:01]} 6. Nc3 {[%emt 0:00:07]} g6 {[%emt 0:00:02]} 7. Bg2 {[%emt 0:00:04]} Bg7 {[%emt 0:00:02]} 8. Nf3 {[%emt 0:00:04]} O-O {[%emt 0:00:02]} 9. O-O {[%emt 0:00:03]} Re8 {[%emt 0:00:02]} 10. Bf4 {[%emt 0:00:16]} Bf5 {[%emt 0:00:02]} 11. Nd2 {[%emt 0:03:34]} Nh5 {[%emt 0:00:04]} 12. Be3 {[%emt 0:00:06]} Nd7 {[%emt 0:00:23]} 13. Nc4 {[%emt 0:00:26]} Ne5 {[%emt 0:02:49]} 14. Nxe5 {[%emt 0:00:02]} Rxe5 {[%emt 0:00:46]} 15. Qd2 {[%emt 0:00:17]} Rb8 {[%emt 0:00:53]} 16. a4 {[%emt 0:00:38]} a6 {[%emt 0:00:01]} 17. Bg5 {[%emt 0:01:21]} Qf8 {[%emt 0:00:50]} 18. e4 {[%emt 0:02:24]} Bd7 {[%emt 0:00:04]} 19. a5 {[%emt 0:00:54]} b5 {[%emt 0:00:15]} 20. axb6 {[%emt 0:00:07]} Rxb6 {[%emt 0:00:03]} 21. Be3 {[%emt 0:00:15]} f5 {[%emt 0:02:46]} 22. exf5 {[%emt 0:00:10]} Bxf5 {[%emt 0:00:49]} 23. Ra4 {[%emt 0:01:49]} Qb8 {[%emt 0:00:25]} 24. Ra2 {[%emt 0:00:28]} Re8 {[%emt 0:01:37]} 25. Rfa1 {[%emt 0:00:15]} Nf6 {[%emt 0:01:05]} 26. Bf4 {[%emt 0:01:45]} Ng4 {[%emt 0:02:40]} 27. Bf3 {[%emt 0:02:25]} Bd4 {[%emt 0:00:46]} 28. Bxg4 {[%emt 0:00:02]} Bxg4 {[%emt 0:00:02]} 29. Be3 {[%emt 0:00:10]} Be5 {[%emt 0:01:05]} 30. Bf4 {[%emt 0:00:32]} Bd4 {[%emt 0:00:16]} 31. Be3 {[%emt 0:00:01]} Bg7 {[%emt 0:00:13]} 32. Bh6 {[%emt 0:00:15]} Bh8 {[%emt 0:00:52]} 33. Qg5 {[%emt 0:00:55]} Qc8 {[%emt 0:00:19]} 34. Qd2 {[%emt 0:00:13]} Bd4 {[%emt 0:00:32]} 35. Ra4 {[%emt 0:00:02]} Bf3 {[%emt 0:00:09]} 36. Rxd4 {[%emt 0:00:09]} Qh3 {[%emt 0:00:04]} 0-1

[Event "RUS-chT Men Rapid 2019"]
[Site "Sochi"]
[Date "2019.10.18"]
[Round "1.11"]
[White "Morozevich, Alexander"]
[Black "Linker, Mikhail"]
[Result "1-0"]
[WhiteElo "2659"]
[BlackElo "2269"]
[Annotator "TA"]
[PlyCount "93"]
[EventDate "2019.10.18"]
[EventType "swiss"]
[EventCountry "RUS"]
[SourceTitle "playchess.com"]
[Source "ChessBase"]
[SourceQuality "1"]

{[%evp 15,93,0,0,0,47,47,44,44,83,40,33,36,111,102,88,97,102,103,100,97,140,141,189,174,182,164,193,185,181,143,176,169,186,190,180,177,180,178,197,185,217,159,172,146,175,148,190,193,192,169,201,169,167,163,165,170,217,202,182,185,266,261,372,364,517,487,705,719,815,810,685,645,2784,2431,5017,3683,29984,29985,29985,29982]} 1. e4 c5 2. Nf3 d6 3. Bc4 e6 4. O-O Nf6 5. d3 Nc6 6. Bb3 Be7 7. c3 O-O 8. Re1 b5 9. d4 {B50: Sicilian: 2...d6, Miscellaneous} e5 10. d5 Na5 11. Bc2 {White is slightly better.} Nc4 $146 ({Predecessor:} 11... Bd7 12. Nbd2 Ne8 13. b4 Nb7 14. a3 a5 15. Rb1 axb4 16. axb4 c4 {½-½ (45) David,A (2549)-Dijkhuis,T (2401) Paleochora 2018}) 12. a4 b4 13. b3 Nb6 ({Black should try} 13... Na5 $1 $14) 14. cxb4 $16 cxb4 {[#]} 15. a5 $1 $36 {[%cal Ra5b6][%mdl 2048] White is really pushing.} Nbd7 16. Bd2 Rb8 17. Ra4 Nc5 18. Rxb4 Ba6 19. Rxb8 Qxb8 {[#]} 20. Bc3 $1 Rc8 21. b4 Ncd7 22. Bd3 Bxd3 23. Qxd3 Qc7 24. Bd2 Qc4 25. Qe3 Qa6 26. Na3 Bd8 27. h3 h6 28. Qe2 Qxe2 29. Rxe2 a6 30. Nh2 h5 31. Nf1 g6 32. f3 Ne8 33. Ne3 Bg5 34. Kf2 Kf8 35. Re1 Ke7 36. Rc1 Rxc1 37. Bxc1 Bxe3+ (37... Kd8 $142 38. b5 Nc5) 38. Kxe3 $18 {[%mdl 4096] Endgame KBN-KNN} ({Resist} 38. Bxe3 $6 Nc7 $18) 38... Nc7 (38... f5 {was necessary.} 39. Kd3 fxe4+ 40. fxe4 Nc7 41. Bg5+ Ke8) 39. Kd3 Nb5 (39... Nb8 {was called for.} 40. Kc4 Kd7) 40. Kc4 Nd4 (40... Nc7 $142 41. Be3 Nb8) 41. Be3 Ne2 42. b5 axb5+ 43. Nxb5 Nf4 44. a6 {[%cal Ba5a6,Ba6a7][%mdl 32]} Nxg2 45. Bf2 Nf4 46. a7 Nxh3 47. Be3 {Accuracy: White = 93%, Black = 28%.} 1-0

[Event "RUS-chT Men Rapid 2019"]
[Site "Sochi"]
[Date "2019.10.18"]
[Round "1.12"]
[White "Pervakov, Sergey"]
[Black "Khismatullin, Denis"]
[Result "0-1"]
[WhiteElo "2093"]
[BlackElo "2611"]
[Annotator "TA"]
[PlyCount "54"]
[EventDate "2019.10.18"]
[EventType "swiss"]
[EventCountry "RUS"]
[SourceTitle "playchess.com"]
[Source "ChessBase"]
[SourceQuality "1"]

{[%evp 19,54,-16,-16,-26,-31,-45,-25,-22,-33,-18,-22,-19,-19,-48,-48,-64,-51,-91,-84,-102,-103,-91,-90,-98,-112,-208,-223,-238,-219,-270,-277,-349,-356,-504,-499,-483,-491]} 1. e4 c5 2. a3 g6 3. b4 Bg7 4. Nc3 d6 5. g3 Nc6 6. Rb1 e6 7. Bg2 Nge7 8. Nge2 b6 9. O-O Bb7 10. d3 O-O 11. Be3 {B24: Closed Sicilian: 3 g3 sidelines} (11. Na2 Qd7 12. Bb2 Nd4 13. Nac1 e5 14. c4 f5 15. Nxd4 cxd4 16. Nb3 f4 17. Nd2 Kh8 18. Kh1 Ng8 {½-½ (32) Wang,C (2521)-Vitiugov,N (2734) Ningbo 2015}) 11... Nd4 12. Qd2 Qd7 13. Nd1 $146 {Black has an edge.} ({Predecessor:} 13. f4 Rac8 14. Kh1 f5 15. Bg1 Rc7 16. bxc5 Nxe2 17. Nxe2 dxc5 18. Nc3 Bc6 {0-1 (105) Galchenko,M (2340)-O'Sullivan,T (2222) Rotterdam 2017}) 13... Rac8 14. c3 Nxe2+ 15. Qxe2 Rfd8 16. d4 cxd4 17. cxd4 Qa4 18. Qb2 Rc2 19. Nc3 Rxb2 20. Nxa4 Rxb1 21. Rxb1 Rc8 22. f3 {[#]} (22. b5 $17 {was worth a try.}) 22... b5 $1 $19 {[%cal Rb5a4]} 23. Nb2 Rc3 24. Kf2 Nc6 25. Rc1 Rxa3 26. Bf1 (26. Nd1 $142) 26... Ra2 27. Rc2 Nxd4 {Accuracy: White = 34%, Black = 75%.} 0-1

[Event "RUS-chT Men Rapid 2019"]
[Site "Sochi"]
[Date "2019.10.18"]
[Round "1.13"]
[White "Kardashevskiy, Evgeny"]
[Black "Goryachkina, Aleksandra"]
[Result "1/2-1/2"]
[WhiteElo "2428"]
[BlackElo "2575"]
[Annotator "ChessBase"]
[PlyCount "53"]
[EventDate "2019.10.18"]
[EventType "swiss"]
[EventCountry "RUS"]
[SourceTitle "playchess.com"]
[Source "ChessBase"]
[SourceQuality "1"]
[TimeControl "900+10"]

1. d4 {[%emt 0:00:00]} Nf6 {[%emt 0:00:00]} 2. Nf3 {[%emt 0:00:00]} d5 {[%emt 0:00:00]} 3. c4 {[%emt 0:00:00]} e6 {[%emt 0:00:00]} 4. Nc3 {[%emt 0:00:03]} a6 {[%emt 0:00:02]} 5. cxd5 {[%emt 0:00:16]} exd5 {[%emt 0:00:03]} 6. Qb3 {[%emt 0:00:07]} c5 {[%emt 0:00:23]} 7. Bg5 {[%emt 0:01:08]} c4 {[%emt 0:00:19]} 8. Qc2 {[%emt 0:00:06]} Bb4 {[%emt 0:00:24]} 9. e4 {[%emt 0:01:53]} dxe4 {[%emt 0:00:46]} 10. Bxf6 {[%emt 0:00:10]} Qxf6 {[%emt 0:00:03]} 11. Qxe4+ {[%emt 0:00:05]} Qe6 {[%emt 0:00:58]} 12. Qxe6+ {[%emt 0:00:36]} Bxe6 {[%emt 0:00:04]} 13. Ng5 {[%emt 0:01:18]} Bd5 {[%emt 0:01:42]} 14. O-O-O {[%emt 0:00:16]} Bxc3 {[%emt 0:00:50]} 15. bxc3 {[%emt 0:00:02]} O-O {[%emt 0:00:45]} 16. Nh3 {[%emt 0:00:40]} b5 {[%emt 0:00:23]} 17. Nf4 {[%emt 0:00:08]} Bb7 {[%emt 0:00:05]} 18. Be2 {[%emt 0:00:26]} Nd7 {[%emt 0:00:06]} 19. Bf3 {[%emt 0:00:49]} Bxf3 {[%emt 0:01:17]} 20. gxf3 {[%emt 0:00:02]} Rfe8 {[%emt 0:00:29]} 21. Rde1 {[%emt 0:00:18]} Kf8 {[%emt 0:00:08]} 22. Nd5 {[%emt 0:00:17]} Rxe1+ {[%emt 0:03:05]} 23. Rxe1 {[%emt 0:00:03]} Nf6 {[%emt 0:00:09]} 24. Nxf6 {[%emt 0:00:34]} gxf6 {[%emt 0:00:00]} 25. Re4 {[%emt 0:00:35]} Rd8 {[%emt 0:01:25]} 26. Rf4 {[%emt 0:00:34]} Kg7 {[%emt 0:00:03]} 27. Rg4+ {[%emt 0:00:10]} 1/2-1/2

[Event "RUS-chT Men Rapid 2019"]
[Site "Sochi"]
[Date "2019.10.18"]
[Round "1.14"]
[White "Pridorozhni, Aleksei"]
[Black "Suleymenov, Alisher"]
[Result "1-0"]
[WhiteElo "2599"]
[BlackElo "2370"]
[Annotator "ChessBase"]
[PlyCount "71"]
[EventDate "2019.10.18"]
[EventType "swiss"]
[EventCountry "RUS"]
[SourceTitle "playchess.com"]
[Source "ChessBase"]
[SourceQuality "1"]
[TimeControl "900+10"]

1. e4 {[%emt 0:00:00]} c5 {[%emt 0:00:00]} 2. Nc3 {[%emt 0:00:00]} Nc6 {[%emt 0:00:22]} 3. Bb5 {[%emt 0:00:00]} d6 {[%emt 0:02:45]} 4. Bxc6+ {[%emt 0:00:00]} bxc6 {[%emt 0:00:01]} 5. d3 {[%emt 0:00:01]} Nf6 {[%emt 0:01:08]} 6. f4 {[%emt 0:00:03]} g6 {[%emt 0:00:21]} 7. Nf3 {[%emt 0:00:02]} Bg7 {[%emt 0:00:01]} 8. O-O {[%emt 0:00:02]} O-O {[%emt 0:00:02]} 9. Qe1 {[%emt 0:00:02]} Bg4 {[%emt 0:04:29]} 10. Nd2 {[%emt 0:00:02]} Bd7 {[%emt 0:00:53]} 11. h3 {[%emt 0:00:03]} Ne8 {[%emt 0:00:47]} 12. Nf3 {[%emt 0:00:06]} Nc7 {[%emt 0:00:05]} 13. f5 {[%emt 0:00:19]} Nb5 {[%emt 0:00:15]} 14. Nxb5 {[%emt 0:00:39]} cxb5 {[%emt 0:00:01]} 15. Qh4 {[%emt 0:00:04]} e6 {[%emt 0:00:38]} 16. Ng5 {[%emt 0:00:41]} h5 {[%emt 0:01:16]} 17. g4 {[%emt 0:00:26]} exf5 {[%emt 0:00:03]} 18. gxh5 {[%emt 0:00:14]} Qf6 {[%emt 0:00:37]} 19. c3 {[%emt 0:03:28]} Rfe8 {[%emt 0:01:30]} 20. h6 {[%emt 0:01:42]} Bf8 {[%emt 0:00:47]} 21. Bf4 {[%emt 0:00:02]} b4 {[%emt 0:00:20]} 22. Rae1 {[%emt 0:00:11]} bxc3 {[%emt 0:00:42]} 23. bxc3 {[%emt 0:00:06]} Rad8 {[%emt 0:00:34]} 24. e5 {[%emt 0:02:26]} dxe5 {[%emt 0:00:01]} 25. Rxe5 {[%emt 0:00:03]} Be6 {[%emt 0:01:11]} 26. Rfe1 {[%emt 0:00:39]} Be7 {[%emt 0:00:17]} 27. h7+ {[%emt 0:00:30]} Kh8 {[%emt 0:00:05]} 28. Rxe6 {[%emt 0:00:11]} fxe6 {[%emt 0:00:02]} 29. Be5 {[%emt 0:00:06]} Rf8 {[%emt 0:00:06]} 30. Bxf6+ {[%emt 0:00:26]} Bxf6 {[%emt 0:00:01]} 31. Rxe6 {[%emt 0:00:02]} Rxd3 {[%emt 0:00:32]} 32. Rxf6 {[%emt 0:00:24]} Rxf6 {[%emt 0:00:02]} 33. Qe1 {[%emt 0:00:02]} Rd8 {[%emt 0:00:21]} 34. Qe7 {[%emt 0:00:11]} Rdf8 {[%emt 0:00:01]} 35. Ne6 {[%emt 0:00:15]} R6f7 {[%emt 0:00:17]} 36. Qxf8+ {[%emt 0:00:04]} 1-0

[Event "RUS-chT Men Rapid 2019"]
[Site "Sochi"]
[Date "2019.10.18"]
[Round "1.15"]
[White "Cherednichenko, Dmitrij"]
[Black "Potapov, Pavel"]
[Result "1/2-1/2"]
[WhiteElo "2275"]
[BlackElo "2489"]
[Annotator "ChessBase"]
[PlyCount "85"]
[EventDate "2019.10.18"]
[EventType "swiss"]
[EventCountry "RUS"]
[SourceTitle "playchess.com"]
[Source "ChessBase"]
[SourceQuality "1"]
[TimeControl "900+10"]

1. d4 {[%emt 0:00:00]} f5 {[%emt 0:00:00]} 2. c4 {[%emt 0:00:07]} Nf6 {[%emt 0:00:00]} 3. Nf3 {[%emt 0:00:03]} g6 {[%emt 0:00:00]} 4. g3 {[%emt 0:00:02]} Bg7 {[%emt 0:00:00]} 5. b4 {[%emt 0:00:02]} c6 {[%emt 0:00:00]} 6. Bb2 {[%emt 0:00:02]} d5 {[%emt 0:00:03]} 7. Nbd2 {[%emt 0:00:01]} Ne4 {[%emt 0:00:05]} 8. Bg2 {[%emt 0:00:05]} a5 {[%emt 0:00:45]} 9. cxd5 {[%emt 0:01:34]} cxd5 {[%emt 0:00:05]} 10. b5 {[%emt 0:00:02]} a4 {[%emt 0:01:05]} 11. Rb1 {[%emt 0:00:40]} Nd7 {[%emt 0:00:31]} 12. O-O {[%emt 0:00:08]} O-O {[%emt 0:00:20]} 13. Ne5 {[%emt 0:01:47]} Nb6 {[%emt 0:00:33]} 14. Ndf3 {[%emt 0:02:02]} Be6 {[%emt 0:01:17]} 15. Rc1 {[%emt 0:00:39]} Qd6 {[%emt 0:00:46]} 16. a3 {[%emt 0:00:57]} Rfc8 {[%emt 0:00:54]} 17. Ne1 {[%emt 0:03:45]} Nc4 {[%emt 0:01:04]} 18. Nxc4 {[%emt 0:00:20]} dxc4 {[%emt 0:00:08]} 19. Bxe4 {[%emt 0:01:36]} fxe4 {[%emt 0:00:02]} 20. Qd2 {[%emt 0:00:27]} Bd7 {[%emt 0:02:23]} 21. Nc2 {[%emt 0:00:40]} Bxb5 {[%emt 0:00:19]} 22. Ne3 {[%emt 0:00:18]} Rc7 {[%emt 0:00:58]} 23. d5 {[%emt 0:00:12]} Bf6 {[%emt 0:01:40]} 24. Bxf6 {[%emt 0:00:48]} exf6 {[%emt 0:00:04]} 25. Qd4 {[%emt 0:00:13]} Rac8 {[%emt 0:00:30]} 26. Qxe4 {[%emt 0:01:20]} c3 {[%emt 0:00:11]} 27. Rfe1 {[%emt 0:00:27]} Kg7 {[%emt 0:00:39]} 28. Nc2 {[%emt 0:00:17]} Bc4 {[%emt 0:00:32]} 29. Nb4 {[%emt 0:00:17]} Bb3 {[%emt 0:00:09]} 30. Qd3 {[%emt 0:00:21]} c2 {[%emt 0:00:30]} 31. e4 {[%emt 0:00:02]} Rc3 {[%emt 0:00:10]} 32. Qd4 {[%emt 0:00:07]} Qc5 {[%emt 0:00:22]} 33. Qd2 {[%emt 0:00:01]} Qd6 {[%emt 0:00:47]} 34. f4 {[%emt 0:00:08]} Qc5+ {[%emt 0:00:23]} 35. Kg2 {[%emt 0:00:01]} Rd8 {[%emt 0:00:03]} 36. Qf2 {[%emt 0:00:43]} f5 {[%emt 0:00:25]} 37. Qxc5 {[%emt 0:00:11]} Rxc5 {[%emt 0:00:03]} 38. exf5 {[%emt 0:00:14]} gxf5 {[%emt 0:00:20]} 39. Kf2 {[%emt 0:00:23]} b5 {[%emt 0:00:35]} 40. Re5 {[%emt 0:00:11]} Kf6 {[%emt 0:00:20]} 41. Re6+ {[%emt 0:00:01]} Kg7 {[%emt 0:01:08]} 42. Re5 {[%emt 0:00:01]} Kf6 {[%emt 0:00:43]} 43. Re6+ {[%emt 0:00:02] Ke5} 1/2-1/2

[Event "RUS-chT Men Rapid 2019"]
[Site "Sochi"]
[Date "2019.10.18"]
[Round "1.16"]
[White "Belyakov, Bogdan"]
[Black "Navrodskiy, Boris"]
[Result "1-0"]
[WhiteElo "2495"]
[BlackElo "2197"]
[Annotator "ChessBase"]
[PlyCount "59"]
[EventDate "2019.10.18"]
[EventType "swiss"]
[EventCountry "RUS"]
[SourceTitle "playchess.com"]
[Source "ChessBase"]
[SourceQuality "1"]
[TimeControl "900+10"]

1. e4 {[%emt 0:00:00]} c6 {[%emt 0:00:00]} 2. d4 {[%emt 0:00:00]} d5 {[%emt 0:00:00]} 3. exd5 {[%emt 0:00:00]} cxd5 {[%emt 0:00:00]} 4. c4 {[%emt 0:00:02]} Nf6 {[%emt 0:00:00]} 5. Nc3 {[%emt 0:00:02]} Nc6 {[%emt 0:00:00]} 6. Nf3 {[%emt 0:00:13]} Bg4 {[%emt 0:00:03]} 7. cxd5 {[%emt 0:00:21]} Nxd5 {[%emt 0:00:02]} 8. Qb3 {[%emt 0:00:04]} Bxf3 {[%emt 0:00:17]} 9. gxf3 {[%emt 0:00:02]} e6 {[%emt 0:00:02]} 10. Qxb7 {[%emt 0:00:32]} Nxd4 {[%emt 0:00:03]} 11. Bb5+ {[%emt 0:00:10]} Nxb5 {[%emt 0:00:02]} 12. Qc6+ {[%emt 0:00:04]} Ke7 {[%emt 0:00:02]} 13. Qxb5 {[%emt 0:00:04]} Qd7 {[%emt 0:00:03]} 14. Nxd5+ {[%emt 0:00:19]} exd5 {[%emt 0:00:19]} 15. Qe2+ {[%emt 0:01:38]} Qe6 {[%emt 0:01:11]} 16. Be3 {[%emt 0:00:06]} f6 {[%emt 0:02:16]} 17. O-O-O {[%emt 0:00:08]} Kf7 {[%emt 0:00:16]} 18. Kb1 {[%emt 0:01:55]} Qf5+ {[%emt 0:03:56]} 19. Qd3 {[%emt 0:00:32]} Qxf3 {[%emt 0:00:25]} 20. Qxd5+ {[%emt 0:00:08]} Qxd5 {[%emt 0:00:03]} 21. Rxd5 {[%emt 0:00:02]} Ke6 {[%emt 0:00:16]} 22. Rhd1 {[%emt 0:00:45]} Be7 {[%emt 0:00:54]} 23. R5d4 {[%emt 0:01:30]} f5 {[%emt 0:02:32]} 24. Re1 {[%emt 0:00:11]} Bf6 {[%emt 0:03:59]} 25. Bh6+ {[%emt 0:00:45]} Kf7 {[%emt 0:00:23]} 26. Rd7+ {[%emt 0:00:02]} Kg6 {[%emt 0:00:20]} 27. Bxg7 {[%emt 0:00:05]} Bxg7 {[%emt 0:00:35]} 28. Rg1+ {[%emt 0:00:02]} Kh6 {[%emt 0:00:06]} 29. Rdxg7 {[%emt 0:00:17]} Rhe8 {[%emt 0:00:25]} 30. R7g3 {[%emt 0:00:04]} 1-0

[Event "RUS-chT Men Rapid 2019"]
[Site "Sochi"]
[Date "2019.10.18"]
[Round "1.17"]
[White "Timofeev, Artyom"]
[Black "Skvortsov, Andrei"]
[Result "1/2-1/2"]
[WhiteElo "2595"]
[BlackElo "2139"]
[Annotator "ChessBase"]
[PlyCount "119"]
[EventDate "2019.10.18"]
[EventType "swiss"]
[EventCountry "RUS"]
[SourceTitle "playchess.com"]
[Source "ChessBase"]
[SourceQuality "1"]
[TimeControl "900+10"]

1. c4 {[%emt 0:00:00]} Nf6 {[%emt 0:00:02]} 2. e3 {[%emt 0:00:00]} c5 {[%emt 0:00:03]} 3. Be2 {[%emt 0:00:04]} g6 {[%emt 0:00:19]} 4. h4 {[%emt 0:00:04]} h5 {[%emt 0:00:28]} 5. Nf3 {[%emt 0:00:08]} Nc6 {[%emt 0:00:03]} 6. b3 {[%emt 0:00:07]} Bg7 {[%emt 0:00:03]} 7. Bb2 {[%emt 0:00:03]} O-O {[%emt 0:00:11]} 8. O-O {[%emt 0:00:04]} d5 {[%emt 0:00:02]} 9. cxd5 {[%emt 0:00:04]} Nxd5 {[%emt 0:00:22]} 10. Bxg7 {[%emt 0:00:03]} Kxg7 {[%emt 0:00:01]} 11. Qc1 {[%emt 0:00:02]} Qd6 {[%emt 0:00:11]} 12. Na3 {[%emt 0:00:04]} b6 {[%emt 0:01:00]} 13. d4 {[%emt 0:00:25]} cxd4 {[%emt 0:00:03]} 14. Nb5 {[%emt 0:00:02]} Qc5 {[%emt 0:00:18]} 15. Qb2 {[%emt 0:00:04]} Nc3 {[%emt 0:01:38]} 16. exd4 {[%emt 0:00:04]} Nxe2+ {[%emt 0:00:07]} 17. Qxe2 {[%emt 0:00:02]} Qf5 {[%emt 0:01:05]} 18. d5 {[%emt 0:00:02]} Ba6 {[%emt 0:01:09]} 19. a4 {[%emt 0:00:15]} Bxb5 {[%emt 0:01:54]} 20. Qxb5 {[%emt 0:00:44]} Ne5 {[%emt 0:00:21]} 21. Nxe5 {[%emt 0:00:10]} Qxe5 {[%emt 0:00:01]} 22. Rfe1 {[%emt 0:00:06]} Qf6 {[%emt 0:00:59]} 23. g3 {[%emt 0:00:06]} Rfd8 {[%emt 0:00:07]} 24. Rac1 {[%emt 0:00:19]} Rac8 {[%emt 0:00:43]} 25. Rc6 {[%emt 0:00:22]} Rxc6 {[%emt 0:01:55]} 26. Qxc6 {[%emt 0:00:02]} Rd6 {[%emt 0:00:09]} 27. Qc4 {[%emt 0:00:41]} a5 {[%emt 0:01:48]} 28. Re4 {[%emt 0:00:22]} Qa1+ {[%emt 0:00:25]} 29. Kg2 {[%emt 0:00:09]} Qf6 {[%emt 0:00:41]} 30. Re3 {[%emt 0:00:35]} Qf5 {[%emt 0:00:09]} 31. Qc3+ Qf6 32. Qe5 {[%emt 0:01:53]} Qxe5 {[%emt 0:00:13]} 33. Rxe5 {[%emt 0:00:01]} Kf6 {[%emt 0:00:00]} 34. f4 {[%emt 0:00:02]} e6 {[%emt 0:00:13]} 35. dxe6 {[%emt 0:00:04]} Rxe6 {[%emt 0:00:04]} 36. Rb5 {[%emt 0:00:02]} Re2+ {[%emt 0:00:23]} 37. Kf3 {[%emt 0:00:01]} Re6 {[%emt 0:00:01]} 38. Kf2 {[%emt 0:00:13]} Kg7 {[%emt 0:00:08]} 39. Rd5 {[%emt 0:01:47]} f5 {[%emt 0:00:06]} 40. Rd7+ {[%emt 0:00:04]} Kf6 {[%emt 0:00:03]} 41. Rb7 {[%emt 0:00:02]} Rc6 {[%emt 0:00:04]} 42. Ke2 {[%emt 0:00:03]} Ke6 {[%emt 0:00:00]} 43. Kd3 {[%emt 0:00:01]} Kd5 {[%emt 0:00:05]} 44. Rd7+ {[%emt 0:00:11]} Kc5 {[%emt 0:00:17]} 45. Kc3 {[%emt 0:01:21]} Re6 {[%emt 0:00:02]} 46. Rd3 {[%emt 0:01:27]} Re4 {[%emt 0:00:06]} 47. Kc2 {[%emt 0:00:14]} Re2+ {[%emt 0:00:03]} 48. Kc3 {[%emt 0:00:05]} Re4 {[%emt 0:00:01]} 49. Kb2 {[%emt 0:01:14]} Re2+ {[%emt 0:00:04]} 50. Ka3 {[%emt 0:00:04]} Rg2 {[%emt 0:00:04]} 51. Re3 {[%emt 0:00:06]} Rd2 {[%emt 0:00:13]} 52. Rc3+ {[%emt 0:00:39]} Kd5 {[%emt 0:00:46]} 53. b4 {[%emt 0:00:35]} Rd4 {[%emt 0:00:13]} 54. b5 {[%emt 0:00:06]} Rc4 {[%emt 0:00:11]} 55. Re3 {[%emt 0:01:25]} Re4 {[%emt 0:00:13]} 56. Rc3 {[%emt 0:01:25]} Rc4 {[%emt 0:00:01]} 57. Re3 {[%emt 0:00:22]} Re4 {[%emt 0:00:01]} 58. Rc3 {[%emt 0:00:00]} Rc4 {[%emt 0:00:01]} 59. Re3 {[%emt 0:00:01]} Re4 {[%emt 0:00:01]} 60. Rf3 1/2-1/2